| 000 | 00951nam a22002777a 4500 | ||
|---|---|---|---|
| 001 | 9980 | ||
| 003 | FISKH | ||
| 005 | 20260323124837.0 | ||
| 008 | 260323b cb ||||| |||| 00| 0 eng d | ||
| 020 | _a9780747591627 | ||
| 040 |
_aFISKH _beng _cFISKH _dFISKH |
||
| 050 | _aPZ7 .G1273 .W | ||
| 082 | _a823.9 | ||
| 100 |
_aGaiman, Neil _eAuthor |
||
| 245 |
_aThe wolves in the walls / _cWritten by Neil Gaiman ; illustrated by Dave McKean |
||
| 260 |
_aLondon : _bBloomsbury Publishing Plc. , _c2003 |
||
| 300 |
_a34 unnumbered pages : _bcolor illustrations ; _c26 cm |
||
| 505 | _aJ | ||
| 520 | _aLucy is sure there are wolves living in the walls of her house, although others in her family disagree, and when the wolves come out, the adventure begins. | ||
| 521 | 8 |
_a500
_bLexile |
|
| 521 | 8 |
_aJ
_bRaz-Plus |
|
| 650 | _aChildren's literature Animal | ||
| 700 |
_aMcKean, Dave _eIllustrator |
||
| 942 |
_2ddc _cBK _n0 |
||
| 999 |
_c9980 _d9980 |
||